Choosing and using statistics : (Registro nro. 3739)

Detalles MARC
000 -CABECERA
Campo de control 00664cam a22002174a 4500
005 - FECHA Y HORA DE LA ULTIMA TRANSACCION
Campo de control 20151114085544.0
008 - ELEMENTOS DE LONGITUD FIJA—INFORMACION GENERAL
Campo de control 020612s2003 maua 001 0 eng
020 ## - ISBN
ISBN 1405102438 (pbk. : alk. paper)
040 ## - FUENTE DE CATALOGACIÓN
Agencia catalogadora original DLC
Agencia transcriptora DLC
Agencia Modificadora Co-BoIAvH
041 ## - IDIOMA
Código de idioma para texto/pista de sonido o título separado Inglés
044 ## - PAÍS DE PUBLICACIÓN
País de publicación
082 00 - NUMERO DE CLASIFICACION DECIMAL DEWEY
Número de clasificación 570.15195
Número del ítem D99c
100 1# - ASIENTO PRINCIPAL--NOMBRE PERSONAL
Nombre personal Dytham, Calvin.
9 (RLIN) 28268
245 10 - MENCION DE TITULO
Título Choosing and using statistics :
Parte restante del título a biologist's guide /
Mención de responsabilidad Calvin Dytham.
250 ## - MENCION DE EDICION
Mención de edición 2nd ed.
260 ## - PUBLICACION, DISTRIBUCION, ETC. (PIE DE IMPRENTA)
Lugar de publicación, distribución, etc. Malden, MA :
Nombre del editor, distribuidor, etc. Blackwell Pub.,
Fecha de publicación, distribución, etc. 2003.
300 ## - DESCRIPCION FISICA
Extensión xiii, 248 páginas. :
Otros detalles físicos ilustraciones. ;
Dimensiones 25 centímetros.
650 16 - ASIENTO SECUNDARIO DE MATERIA - TERMINO TEMATICO
Término temático o nombre geográfico como elemento de entrada Biometría
9 (RLIN) 93
650 16 - ASIENTO SECUNDARIO DE MATERIA - TERMINO TEMATICO
Término temático o nombre geográfico como elemento de entrada Bioestadística
9 (RLIN) 17230
942 ## - ELEMENTOS ADICIONALES (KOHA)
Sistema de clasificación Dewey Decimal Classification
Tipo de ítem Libro
Existencias
Withdrawn status Lost status Sistema de Clasificación Damaged status No para préstamo Colección Inventariado Ubicación Permanente Ubicación actual Fecha de adquisición Fuente de Valor Total Checkouts Número topográfico Inventario / Código de Barras Date last seen Ejemplar Price effective from Forma de adquisición Tipo de material
    Dewey Decimal Classification     General Inventariado 2017 Bogotá Bogotá 12/03/2004 Amazon   LB-570.15195 D99c 018147 04/12/2012 Ej. 1 04/12/2012   Libro